| 000 | 00994nas a2200313 4500 | ||
|---|---|---|---|
| 001 | BR2012003474 | ||
| 003 | BR-BrBNA | ||
| 005 | 20231205120741.0 | ||
| 007 | ta | ||
| 008 | 230509b bl.|||p| |||| 00| 00por d | ||
| 040 |
_aBR-BrBNA _bpor _cBiblioteca Nacional de Agricultura |
||
| 041 | _a(Pt) | ||
| 072 | _aF04; F01 | ||
| 100 | 1 | _aCavalcante, V.S. | |
| 100 | 1 | _aSantos, V.R. | |
| 100 | 1 | _aSantos Neto, A.L. dos | |
| 100 | 1 | _aSantos, M.A.L. dos | |
| 100 | 1 | _aSantos, C.G. dos | |
| 100 | 1 | _aCosta, L.C. | |
| 245 | 1 | _aBiomassa e extração de nutrientes por plantas de cobertura | |
| 650 | _aADUBAÇÃO VERDE | ||
| 650 | _aLEGUMINOSA | ||
| 650 | _aMACRONUTRIENTE | ||
| 650 | _aMICRONUTRIENTE | ||
| 773 | 0 |
_tRevista Brasileira de Engenharia Agrícola e Ambiental (Brazil) _xISSN 1807-1929 _g(May 2012), v.16(5) p. 521-528 _wBR2012003474 |
|
| 856 | 4 | 0 | _uhttp://www.agriambi.com.br/revista/v16n05/v16n05a08.pdf |
| 909 |
_a202311 _bLúcia _c55 _dLúcia Elande |
||
| 942 |
_2AGRIS _n0 _cANA |
||
| 999 |
_c220113 _d220113 |
||